<?xml version="1.0" encoding="UTF-8"?>
<record
    xmlns:xsi="http://www.w3.org/2001/XMLSchema-instance"
    xsi:schemaLocation="http://www.loc.gov/MARC21/slim http://www.loc.gov/standards/marcxml/schema/MARC21slim.xsd"
    xmlns="http://www.loc.gov/MARC21/slim">

  <leader>00495cam a2200181 a 4500</leader>
  <controlfield tag="003">CDMR</controlfield>
  <controlfield tag="005">20131216174001.0</controlfield>
  <controlfield tag="008">130130s1976||||||||||||||||||||||||spa|d</controlfield>
  <datafield tag="020" ind1=" " ind2=" ">
    <subfield code="a">843340217X</subfield>
  </datafield>
  <datafield tag="040" ind1=" " ind2=" ">
    <subfield code="a">CDMR</subfield>
    <subfield code="b">cat</subfield>
    <subfield code="c">CDMR</subfield>
  </datafield>
  <datafield tag="100" ind1="1" ind2=" ">
    <subfield code="9">390</subfield>
    <subfield code="a">Moles, Abraham Andr&#xE9;</subfield>
  </datafield>
  <datafield tag="245" ind1="1" ind2="0">
    <subfield code="a">Teor&#xED;a de la informaci&#xF3;n y percepci&#xF3;n est&#xE9;tica</subfield>
    <subfield code="c">Abraham Moles</subfield>
  </datafield>
  <datafield tag="260" ind1=" " ind2=" ">
    <subfield code="a">Madrid</subfield>
    <subfield code="b">J&#xFA;car</subfield>
    <subfield code="c">1976</subfield>
  </datafield>
  <datafield tag="300" ind1=" " ind2=" ">
    <subfield code="a">370 p.</subfield>
  </datafield>
  <datafield tag="490" ind1="0" ind2=" ">
    <subfield code="a">Sind&#xE9;resis</subfield>
    <subfield code="v">1</subfield>
  </datafield>
  <datafield tag="650" ind1="0" ind2="4">
    <subfield code="9">2194</subfield>
    <subfield code="a">Informaci&#xF3;, Teoria de la</subfield>
  </datafield>
  <datafield tag="942" ind1=" " ind2=" ">
    <subfield code="c">MON</subfield>
  </datafield>
  <datafield tag="999" ind1=" " ind2=" ">
    <subfield code="c">3151</subfield>
    <subfield code="d">3151</subfield>
  </datafield>
  <datafield tag="952" ind1=" " ind2=" ">
    <subfield code="0">0</subfield>
    <subfield code="1">0</subfield>
    <subfield code="4">0</subfield>
    <subfield code="7">0</subfield>
    <subfield code="a">CDMR</subfield>
    <subfield code="b">CDMR</subfield>
    <subfield code="d">2013-01-16</subfield>
    <subfield code="l">0</subfield>
    <subfield code="o">Cc /6</subfield>
    <subfield code="p">CDMR1312613474</subfield>
    <subfield code="r">2013-12-10</subfield>
    <subfield code="w">2013-12-10</subfield>
    <subfield code="y">MON</subfield>
  </datafield>
</record>
